000 nam a22 7a 4500
999 _c29086
_d29086
008 171106b xxu||||| |||| 00| 0 eng d
020 _a9788120409699
050 _aTP 434 .C43 2012
100 _aChakraverty, Amalendu.
245 _aPost-harvest technology of cereals, pulses and oilseeds/
_cAmalendu Chakraverty.
260 _aNew Delhi:
_bOxford & IBH ,
_c2012.
300 _a349 pages.:
_bill.;
_c22cm.
521 _aIncludes Index.
650 _adrying.
650 _aagriculture.
650 _aoil seeds
_vpostharvest technology.
650 _aCrops
_vPostharvest technology.
942 _2lcc
_cBOOKS
_hTP 434 .C43 2012